000 01799nam a2200385 a 4500
001 ebr10483280
003 CaPaEBR
006 m u
007 cr cn|||||||||
008 101202s2011 enkacd sbf 001 0 eng d
010 _z 2010047389
020 _z9781405180399 (pbk. : alk. paper)
020 _z9781444393873 (ePDF)
020 _z9781444393897
020 _z9781444393880 (ePub)
020 _z9781444393873 (e-book)
040 _aCaPaEBR
_cCaPaEBR
035 _a(OCoLC)729724669
050 1 4 _aRC669.15
_b.P727 2011eb
082 0 4 _a616.1/2
_222
245 0 2 _aA practical approach to cardiovascular medicine
_h[electronic resource] /
_cedited by Reza Ardehali, Marco Perez, Paul Wang.
260 _aChichester, West Sussex, U.K. :
_bWiley-Blackwell,
_c2011.
300 _axvi, 392 p. :
_bill., col. ports.
504 _aIncludes bibliographical references and index.
505 0 _asection 1. Preventive cardiology -- section 2. Coronary artery disease -- section 3. Heart failure -- section 4. Valvular and vascular disease -- section 5. Arrhythmias and sudden cardiac death -- section 6. Cardiovascular disease in special populations -- section 7. Specialized testing and therapeutics.
533 _aElectronic reproduction.
_bPalo Alto, Calif. :
_cebrary,
_d2011.
_nAvailable via World Wide Web.
_nAccess may be limited to ebrary affiliated libraries.
650 0 _aHeart
_xDiseases
_vHandbooks, manuals, etc.
650 0 _aCardiology
_vHandbooks, manuals, etc.
655 7 _aElectronic books.
_2local
700 1 _aArdehali, Reza.
700 1 _aPerez, Marco,
_cM.D.
700 1 _aWang, Paul,
_cPh.D.
710 2 _aebrary, Inc.
856 4 0 _uhttp://site.ebrary.com/lib/rucke/Doc?id=10483280
_zAn electronic book accessible through the World Wide Web; click to view
999 _c122681
_d122681